Т. 2: О - Я; Большой энциклопедический словарь

Detalhes bibliográficos
Parent link:Большой энциклопедический словарь: в 2 т./ Гл. ред. А. М. Прохоров. Т. 2: О - Я.— , 1991-
Idioma:russo
Publicado em: 1991
Assuntos:
Formato: Livro
KOHA link:https://koha.lib.tpu.ru/cgi-bin/koha/opac-detail.pl?biblionumber=60406

MARC

LEADER 00000nam2a2200000 4500
001 60406
005 20231031061351.0
010 |a 5852700444 
035 |a (RuTPU)RU\TPU\book\63874 
090 |a 60406 
100 |a 20040206d1991 km y0rusy50 ca 
101 0 |a rus 
102 |a RU 
105 |a a ef 000zy 
200 0 |a Т. 2: О - Я 
210 |d 1991 
215 |a 768 с.  |c ил. 
461 1 |0 (RuTPU)RU\TPU\book\56819  |t Большой энциклопедический словарь  |o в 2 т.  |f Гл. ред. А. М. Прохоров  |v Т. 2: О - Я  |d 1991- 
610 1 |a универсальные энциклопедии 
610 1 |a понятия 
610 1 |a определения 
610 1 |a термины 
610 1 |a энциклопедические словари 
686 |a Я20  |v LBC/SL-A  |2 rubbk 
801 1 |a RU  |b 63413507  |c 20040206  |g PSBO 
801 2 |a RU  |b 63413507  |c 20130415  |g PSBO 
942 |c BK